000 01275nam0a2200313 4500
001 RU\NLR\bibl\105018
005 20250617085211.0
010 _a5-85746-483-6
_9500
021 _aRU
_b2000-16068
_9777
035 _a(NLR Aleph) 000102752
090 _a580782
_c580782
100 _a20000823d1999 |||y0rusy50 ca
101 0 _arus
102 _aRU
105 _aa |||||||||
200 1 _aМуниципальная собственность и ее эффективность в системе рыночных отношений
_fИ.В. Ефимчук
_gМ-во образования Рос. Федерации, Нижегор. гос. ун-т им. Н.И. Лобачевского
210 _aН. Новгород
_cИзд-во ННГУ
_d1999
215 _a130 с.
_cил.
_d20
320 _aБиблиогр.: с. 120-129
606 0 _aМуниципальная собственность
_yРоссийская Федерация
_92082658
_3RU\NLR\auth\661258685
686 _aУ9(2)-14(2Р)
700 1 _aЕфимчук
_bИ. В.
_gИрина Викторовна
_4070
801 0 _aRU
_bNLR
_c20000823
_gPSBO
801 1 _aRU
_bNLR
_c20000823
830 _aАвт. по кн.
852 _aNLR
_j2000-3/8089
942 _cBOOK
980 _aNB